Statistiques concernant JO 2020 : Médaillés français

Cliquez ici pour prendre le quiz!

Statistiques générales

  • Ce quiz a été pris 34 fois
  • Le résultat moyen est 9 sur 33

Statistiques - réponses

SportCatégorieRéponse% Correct
Judo-63kg femmesClarisse Agbégnénou
88%
Judo+100kg hommesTeddy Riner
76%
MixteJudo
64%
MasculinVolleyball masculin
64%
Natation50m nage libre masculinFlorent Manaudou
52%
EscrimeEpée individuelle masculineRomain Cannone
52%
MasculinBasket masculin 5x5
48%
FémininHandball féminin
48%
MasculinHandball masculin
48%
AthlétismeDécathlon hommesKévin Mayer
48%
FémininBasket féminin 5x5
44%
TirPistolet rapide 25m hommesJean Quiquampoix
44%
KaratéKumité hommes -65kgSteven Da Costa
44%
Judo+78kg femmesRomane Dicko
32%
Judo-52kg femmesAmandine Buchard
24%
Cyclisme sur pisteMadison hommesBenjamin Thomas
Donovan Grondin
16%
Planche à voileRS:X femmesCharline Picon
16%
AvironDeux de couple hommesHugo Boucheron
Matthieu Androdias
16%
Planche à voileRS:X hommesThomas Goyard
16%
MixteEquitation concours complet
12%
MasculinEscrime fleuret masculin
8%
Judo-60kg hommesLuka Mkheidze
8%
Judo-78 kg femmesMadeleine Malonga
8%
Judo-57kg femmesSarah-Léonie Cysique
8%
MixteTriathlon relais mixte
8%
Taekwondo+67kg femmesAlthéa Laurin
4%
MasculinCyclisme vitesse par équipe masculine
4%
FémininEscrime fleuret féminin
4%
FémininEscrime sabre féminin
4%
EscrimeSabre individuel femmesManon Brunet
4%
FémininRugby à 7 féminin
4%
VoileDériveur double femmes 470Camille Lecointre
Aloïse Retornaz
0%
AvironDeux de couple poids
légers femmes
Laura Tarantola
Claire Bové
0%

Distribution des résultats

Percentile par nombre de réponses

% des personnes avec chaque résultat

Votre développement - résultats

Vous n’avez pas pris ce quiz